| 000 -LEADER |
| fixed length control field |
00793cam a22002777a 4500 |
| 001 - CONTROL NUMBER |
| control field |
12744115 |
| 005 - DATE AND TIME OF LATEST TRANSACTION |
| control field |
20180227033136.0 |
| 008 - FIXED-LENGTH DATA ELEMENTS--GENERAL INFORMATION |
| fixed length control field |
020417s2001 iauab 001 0 eng d |
| 010 ## - LIBRARY OF CONGRESS CONTROL NUMBER |
| LC control number |
2001130192 |
| 020 ## - INTERNATIONAL STANDARD BOOK NUMBER |
| International Standard Book Number |
0897214633 |
| 035 ## - SYSTEM CONTROL NUMBER |
| System control number |
(OCoLC)ocm47722458 |
| 040 ## - CATALOGING SOURCE |
| Original cataloging agency |
ABJ |
| Transcribing agency |
ABJ |
| Modifying agency |
VHB |
| -- |
DLC |
| 041 ## - LANGUAGE CODE |
| Language code of text/sound track or separate title |
eng |
| 042 ## - AUTHENTICATION CODE |
| Authentication code |
lccopycat |
| 080 ## - UNIVERSAL DECIMAL CLASSIFICATION NUMBER |
| Universal Decimal Classification number |
690..8924 mic |
| 082 00 - DEWEY DECIMAL CLASSIFICATION NUMBER |
| Classification number |
690..8924 mic |
| Edition number |
21 |
| 100 ## - Rafti |
| Rafti |
9 |
| 101 ## - Shkurtesa |
| Shkurtesa |
mje |
| 245 00 - TITLE STATEMENT |
| Title |
Ortho's all about greenhouses. |
| 246 30 - VARYING FORM OF TITLE |
| Title proper/short title |
All about greenhouses |
| 246 30 - VARYING FORM OF TITLE |
| Title proper/short title |
Greenhouses |
| 504 ## - BIBLIOGRAPHY, ETC. NOTE |
| Bibliography, etc |
Includes index. |
| 906 ## - LOCAL DATA ELEMENT F, LDF (RLIN) |
| a |
7 |
| b |
cbc |
| c |
copycat |
| d |
2 |
| e |
ncip |
| f |
20 |
| g |
y-gencatlg |
| 942 ## - ADDED ENTRY ELEMENTS (KOHA) |
| Source of classification or shelving scheme |
|
| Item type |
Books |